000 00696nam a2200277Ia 4500
001 20166
005 20240114000504.0
007 ta
008 060220s1951 a g b000 u 465 u
020 _cHB
040 _aCotton College,Assam
041 _a465
082 _a330
_bSo 83 In
100 _aSoule, George .
245 0 _aIntroduction to economic science /
_cGeorge Soule.
_hTextual Documents
250 _a1st ed. /
260 _aNew York :
_bThe New American Library ,
_c1951.
300 _a138p. :
_bill ;
_c15cm .
504 _aBib.
653 _aEconomics
653 _aG-Economics
942 _2ddc
_cBK
999 _c20148
_d20148